Famous movie cars by picture - Statistics

General Stats
  • This quiz has been taken 172 times
  • The average score is 14 of 24
Answer Stats
Picture Answer % Correct
Back to the Future - DMC Delorean
90%
Scooby Doo - Mystery Machine
88%
Batman - Batmobile
85%
Ghostbusters - Ecto-1 - Cadillac Miller-Meteor Ambulance
81%
Mr. Bean - Mini Cooper
80%
The Dukes of Hazzard - General Lee - Dodge Charger
72%
Herbie - Volkswagen Beetle
71%
James Bond - Aston Martin DB5
69%
Jurassic Park - Ford Explorer XLT
67%
Knight Rider - KITT - Pontiac Firebird Trans-Am
67%
Flintstones - Canopysaurus
65%
Mad Max - Tatra T815
63%
Breadking Bad - Fleetwood Bounder
55%
Speed - GM New Look TDH-5303
55%
Austin Powers Jaguar E-type
51%
Dumb & Dumber - Ford Econoline
50%
A-Team - GMC Vandura
49%
Donald Duck - Duckatti
48%
Gone in 60 seconds - Eleanor - Shelby Mustang GT500
45%
Magnum PI - Ferrari 308
40%
Starsky & Hutch - Ford Gran Torino
33%
National Lampoon's Vacation - Ford Wagon Queen Family Truckster
28%
Wayne's World - AMC Pacer
25%
Blues Brothers - Bluesmobile - Dodge Monaco
24%
No matching quizzes found
Score Distribution
Percent of People with Each Score
Percentile by Number Answered
Your Score History
You have not taken this quiz